| 000 | 00665cam a2200217 4500500 | ||
|---|---|---|---|
| 005 | 20260405003749.0 | ||
| 041 | _afre | ||
| 042 | _adc | ||
| 100 | 1 | 0 |
_aEnjalbert, Cédric _eauthor |
| 245 | 0 | 0 | _aJustine Cassell-François Taddei : penseurs hors de la boîte ! |
| 260 | _c2023. | ||
| 500 | _a5 | ||
| 690 | _aChatbot | ||
| 690 | _aChatGPT | ||
| 690 | _aFrançois Taddei | ||
| 690 | _aJustine Cassell | ||
| 690 | _aNumérique | ||
| 690 | _aTechnologies | ||
| 786 | 0 | _nPhilosophie magazine | 172 | 9 | 2023-09-01 | p. 33-35 | 1951-1787 | |
| 856 | 4 | 1 | _uhttps://shs.cairn.info/magazine-philosophie-magazine-2023-9-page-33?lang=fr&redirect-ssocas=7080 |
| 999 |
_c2070620 _d2070620 |
||